000 00658nam a22002537a 4500
001 BR9510608
003 BR-BrBNA
005 20230928094830.0
007 ta
008 230509b bl.||||| |||| 00| 0 por d
040 _aBR-BrBNA
_bpor
_cBiblioteca Nacional de Agricultura
041 _a(Por)
072 _aE50
090 _ E50 BR9510608
100 1 _aWolf, E.R.
245 1 _aSociedades componesas
260 3 _aRio de Janeiro, RJ (Brasil):
_bZahar,
_c1970.
300 _a150 p.
650 _aSociologia Rural
650 _aDesenvolvimento Social
650 _aFixacao do Homem no Campo
909 _a202309
_bLucia
_c55
_dLucia Elande
942 _cBK
999 _c52904
_d52904